Szczegóły MARC21

Społeczeństwo informacyjne przyjazne dla osób specjalnej troski : III Konferencja z cyklu:Problemy Społeczeństwa Globalnej Informacji : praca /

005 -DATA I CZAS OSTATNIEJ MODYFIKACJI [,]
    • @
    • pole kontrolne
    • 20070315155141.9
020 -Międzynarod. znormalizowany nr książki - ISBN [ , ]
    • a
    • Numer ISBN
    • 8391113329 Find
040 -Instytucja sporządzająca opis [ , ]
    • a
    • Instytucja, która sporządziła opis (NP)
    • SZCZ U
    • c
    • Instytucja, która sporządziła rekord (NP)
    • SZCZ U
041 -Język dokumentu [0, ]
    • a
    • Język tekstu (P)
    • polski
    • h
    • Język tekstu oryginalnego i/lub pośredniego (P)
    • polski
942 -Rodzaj dokumentu [ , ]
    • c
    • Rodzaj dokumentu
    • Książka
245 -Strefa tytułu i oznaczenia odpowiedzialności [0, ]
    • a
    • Tytuł
    • Społeczeństwo informacyjne przyjazne dla osób specjalnej troski : Find
    • b
    • Ciąg dalszy tytułu (NP)
    • III Konferencja z cyklu:Problemy Społeczeństwa Globalnej Informacji : praca / Find
    • c
    • Pozostałe elementy strefy tytułu i oznaczenia odpowiedzialności (NP)
    • pod red.nauk.Agnieszki Szewczyk ; Pol.Akad.Nauk. Oddz.w Gdańsku. Komisja Inf.;Inst.Inf.w Zarządz.,Kat.Org.i Zarz.na Wydz.Nauk Ek.i Zarz.US.
260 -Strefa adresu wydawniczego [ , ]
    • a
    • Miejsce wydania (P)
    • Szczecin :
    • b
    • Nazwa wydawcy (P)
    • Wydaw.Instytutu Informatyki w Zarządzaniu,
    • c
    • Data wydania (P)
    • 2000.
300 -Strefa opisu fizycznego [ , ]
    • a
    • Określenie formy książki i/lub objętość (NP)
    • 236 s. :
    • b
    • Oznaczenie ilustracji (NP)
    • wykr. :
    • c
    • Format (NP)
    • 24 cm.
500 -Uwaga ogólna [ , ]
    • a
    • Uwaga ogólna (NP)
    • Bibliogr. Summ
080 -Uniwersalna Klasyfikacja Dziesiętna [ , ]
    • a
    • Symbol klasyfikacji
    • 316.32::002-051
080 -Uniwersalna Klasyfikacja Dziesiętna [ , ]
    • a
    • Symbol klasyfikacji
    • :002.5
080 -Uniwersalna Klasyfikacja Dziesiętna [ , ]
    • a
    • Symbol klasyfikacji
    • :376
080 -Uniwersalna Klasyfikacja Dziesiętna [ , ]
    • a
    • Symbol klasyfikacji
    • :37.013.82
980 -Symbol UKD [ , ]
    • a
    • UKD
    • 316.32::002-051:002.5:376:37.013.82
700 -Hasło dodatkowe - nazwa osobowa [ , ]
    • a
    • Nazwa osobowa (NP)
    • Szewczyk Agnieszka Find
920 -ISBN [ , ]
    • a
    • ISBN
    • 83-911133-2-9 Find
Data inwentaryzacji Lokalizacja Status udost. Numer inwentarzowy
2001-06-20BE-3S.88052
2001-03-02BG1Pd.13893